| 000 | 00355nam a2200145Ia 4500 | ||
|---|---|---|---|
| 008 | 150201s2000 xx 000 0 und d | ||
| 082 |
_a610 _bI2000M |
||
| 100 | _aMEDI WORLD | ||
| 245 | _aINDIAN DRUG REVIEW -MAY -JUNE | ||
| 250 | _a1ST | ||
| 260 |
_bMEDI WORLD PUBLICATION _aDELHI _c2000 |
||
| 300 | _a1-620 | ||
| 650 | _aORAL MEDICINE | ||
| 942 |
_2ddc _cBK |
||
| 999 |
_c3279 _d3279 |
||